|
|
|
|
| LEADER |
00763nam a22001811a 4500 |
| 020 |
|
|
|a 9788121701365
|
| 082 |
|
|
|a S 891.209
|b SHA/S
|
| 100 |
|
|
|a Shashi Tiwari
|9 89590
|
| 245 |
|
|
|a Samskrit sahitya ka ithihas/
|c by Shashi Tiwari
|
| 260 |
|
|
|a New Delhi:
|b Bharateeya Vidya,
|c 2003.
|
| 300 |
|
|
|a 199p.
|
| 650 |
|
|
|a Literature Sanskrit History
|9 89591
|
| 650 |
|
|
|a Literature Sanskrit
|9 89592
|
| 650 |
|
|
|a Literature
|9 89593
|
| 942 |
|
|
|c BK
|
| 999 |
|
|
|c 39912
|d 39912
|
| 952 |
|
|
|0 0
|1 0
|4 0
|6 S_891_209000000000000_SHA_S
|7 0
|9 57803
|a SSUS
|b SSUS
|d 2015-01-08
|g 80.00
|l 2
|o S 891.209 SHA/S
|p 046436
|r 2017-04-22
|s 2017-04-20
|v 0.00
|w 2015-01-08
|y BK
|
| 952 |
|
|
|0 0
|1 0
|4 0
|6 S_891_209000000000000_SHA_S
|7 0
|9 57804
|a SSUS
|b SSUS
|d 2015-01-08
|g 80.00
|o S 891.209 SHA/S
|p 030423
|r 2015-01-08
|v 0.00
|w 2015-01-08
|y BK
|